Corrosion : causes and prevention, an engineering problem /

Guardado en:
Autor Principal: Speller, Frank N.
Formato: Libro
Idioma:English
Publicado: New York : McGraw-Hill, 1926.
Etiquetas: Agregar Etiqueta
Sin Etiquetas, Sea el primero en etiquetar este registro!
LEADER 00466nam a22001455a 4500
001 EUN.um036228
003 AR-BaUNS
005 20050623122909.0
008 041125s1926####xxua##########000#0#eng#d
245 1 0 |a Corrosion :  |b causes and prevention, an engineering problem /  |c Frank N. Speller. 
260 |a New York :  |b McGraw-Hill,  |c 1926. 
300 |a 619 p. :  |b ilus. ;  |c 22,5 cm. 
100 1 |a Speller, Frank N. 
082 0 4 |a 660 
859 |a Ar-BaUNS  |b BIB. CENTRAL - Sector C  |h 660  |i Sp32  |p D70/966